00836 2200301 4500001002100000005001500021035002000036007000300056040001700059100002600076245006300102250001200165300003300177020002200210041000800232090001900240264004500259336002100304337003000325338002300355650001600378850001000394008004100404990002200445990002300467990002300490990002100513INLIS00000000000888420260513024728 a0010-1022000259ta aSBPUPADbind0 aCheche 66,ePengarang1 aRock Pop :bCara Cepat Belajar Gitar Untuk Pemula Dan Ahli a.-cet.1 av,170 hlm. :bilus. ;c19 cm a978-602-14456-4-8 aind a787 WIJ k 23-8 a.--Jakarta :bVolume Ilmu Pertama,c2014 2rdacontentateks 2rdamediaatanpa perantara 2rdacarrieravolume 4aseni musik/ aPUPAD260513 0  a22459/KAPD/2016/B a22.457/KAPD/2016/B a22.458/KAPD/2016/B a22.456/KAPD/2016